000 00347nas a2200157 4500
999 _c93571
_d93571
003 NALT
005 20210325215548.0
008 170830b th ||||| |||| 00| 0 tha d
022 _a01250957
040 _aNALT
041 _atha
245 _aรัฐสภาสาร
850 _aNALT
942 _2local
_cJNR